<?xml version="1.0" encoding="UTF-8"?>
<record
    xmlns:xsi="http://www.w3.org/2001/XMLSchema-instance"
    xsi:schemaLocation="http://www.loc.gov/MARC21/slim http://www.loc.gov/standards/marcxml/schema/MARC21slim.xsd"
    xmlns="http://www.loc.gov/MARC21/slim">

  <leader>00797nam a22002417a 4500</leader>
  <controlfield tag="003">OSt</controlfield>
  <controlfield tag="005">20170124151325.0</controlfield>
  <controlfield tag="008">170124s2017    sp ||||  |||||0|1 0 spa|d</controlfield>
  <datafield tag="020" ind1=" " ind2=" ">
    <subfield code="a">9788441538511</subfield>
  </datafield>
  <datafield tag="040" ind1=" " ind2=" ">
    <subfield code="b">cat</subfield>
    <subfield code="c">CDMR</subfield>
  </datafield>
  <datafield tag="100" ind1="1" ind2=" ">
    <subfield code="a">Hern&#xE1;ndez Dauder, Mar&#xED;a &#xC1;ngeles</subfield>
  </datafield>
  <datafield tag="245" ind1="1" ind2="0">
    <subfield code="a">Marketing digital </subfield>
    <subfield code="b">: mobile marketing, SEO y anal&#xED;tica web </subfield>
    <subfield code="c">M&#xAA; &#xC1;ngeles Hern&#xE1;ndez Dauder, Jos&#xE9; Mar&#xED;a Estrade Nieto, David Jord&#xE1;n Soro</subfield>
  </datafield>
  <datafield tag="250" ind1=" " ind2=" ">
    <subfield code="a">Edici&#xF3;n 2017</subfield>
  </datafield>
  <datafield tag="260" ind1=" " ind2=" ">
    <subfield code="a">Madrid :</subfield>
    <subfield code="b">Anaya Multimedia,</subfield>
    <subfield code="c">cop. 2017</subfield>
  </datafield>
  <datafield tag="300" ind1=" " ind2=" ">
    <subfield code="a">383 p. :</subfield>
    <subfield code="b">il., gr&#xE0;f. ;</subfield>
    <subfield code="c">23 cm</subfield>
  </datafield>
  <datafield tag="500" ind1=" " ind2=" ">
    <subfield code="a">&#xCD;ndex</subfield>
  </datafield>
  <datafield tag="650" ind1=" " ind2="7">
    <subfield code="a">M&#xE0;rqueting per Internet</subfield>
  </datafield>
  <datafield tag="650" ind1=" " ind2="7">
    <subfield code="a">Cercadors d'Internet</subfield>
    <subfield code="2">lemac</subfield>
  </datafield>
  <datafield tag="650" ind1=" " ind2="7">
    <subfield code="a">P&#xE0;gines web</subfield>
    <subfield code="x">Avaluaci&#xF3;</subfield>
  </datafield>
  <datafield tag="700" ind1="1" ind2=" ">
    <subfield code="a">Estrade Nieto, Jos&#xE9; Mar&#xED;a</subfield>
  </datafield>
  <datafield tag="700" ind1="1" ind2=" ">
    <subfield code="a">Jord&#xE1;n Soro, David</subfield>
  </datafield>
  <datafield tag="942" ind1=" " ind2=" ">
    <subfield code="c">MON</subfield>
  </datafield>
  <datafield tag="999" ind1=" " ind2=" ">
    <subfield code="c">6993</subfield>
    <subfield code="d">6993</subfield>
  </datafield>
  <datafield tag="952" ind1=" " ind2=" ">
    <subfield code="0">0</subfield>
    <subfield code="1">0</subfield>
    <subfield code="4">0</subfield>
    <subfield code="7">0</subfield>
    <subfield code="a">CDMR</subfield>
    <subfield code="b">CDMR</subfield>
    <subfield code="d">2017-01-24</subfield>
    <subfield code="e">Intercanvi</subfield>
    <subfield code="g">24.95</subfield>
    <subfield code="l">13</subfield>
    <subfield code="m">10</subfield>
    <subfield code="o">Cq 18</subfield>
    <subfield code="p">CDMR17010001</subfield>
    <subfield code="r">2019-06-11</subfield>
    <subfield code="s">2019-04-26</subfield>
    <subfield code="v">24.95</subfield>
    <subfield code="w">2017-01-24</subfield>
    <subfield code="y">MON</subfield>
  </datafield>
</record>
